banner-ar

امريكا فى عالم يتغير / (Record no. 66293)

MARC details
000 -الفاتح
حقل البيانات ثابتة الطول 00866nam a2200217Ia 4500
005 - وقت وتاريخ اخر تعامل مع التسجيلة
رقم الضبط 20240530110910.0
008 - عناصر البيانات ثابتة الطول - معلومات عامة
حقل البيانات ثابتة الطول 140319s2009 ua g 000 0 ara d
017 ## - رقم الايداع القانونى
رقم الايداع القانونى 2009/2346
المصدر ( الهيئة المختصة) مصر. دار الكتب
020 ## - الرقم الدولى المعيارى للكتب
الرقم الدولى المعيارى للكتاب 9771303864
040 ## - مصدر الفهرسة
وكالة الفهرسة الأصلية GCL /
وكالة النسخ GCL
082 04 - رقم تصنيف ديوى العشرى
رقم التصنيف 320.973/
رقم المادة ع أ
100 0# - المدخل الرئيسى - إسم شخصى
الإسم الشخصى عاطف الغمرى
245 10 - بيان العنوان
العنوان امريكا فى عالم يتغير /
بيان المسئوليه,etc عاطف الغمرى
260 ## - PUBLICATION, DISTRIBUTION, ETC. (IMPRINT)
تاريخ النشر أو التوزيع 2009.
300 ## - الوصف المادى
التعداد 191 ص ؛
أبعاد الوعاء 24 سم.
651 07 - المدخل الاضافى بالموضوع - اسم جغرافى
مصدر الرأس أو المصطلح qrmak
الاسم الجغرافي الولايات المتحدة الامريكية
التقسيم الفرعي العام الاحوال السياسية
651 07 - المدخل الاضافى بالموضوع - اسم جغرافى
مصدر الرأس أو المصطلح qrmak
الاسم الجغرافي الولايات المتحدة الامريكية
التقسيم الفرعي العام تاريخ
التقسيم الفرعي الزمني العصر الحديث
التقسيم الفرعي العام باراك اوباما
942 ## - عناصر المدخل الإضافي( كوها)
مصدر التصنيف او مخطط الترفيف Dewey Decimal Classification
Koha [default] item type كتاب
260 ## - PUBLICATION, DISTRIBUTION, ETC. (IMPRINT)
-- القاهرة :
-- مركز الاهرام للترجمة والنشر،
Holdings
حالة التراجع حالة الفقد مصدر التصنيف او خطة الترفيف حالة تلف ليس للاعارة المكان المؤقت الموقع الحالى موقع الترفيف تاريخ الاكتساب اجمالي اﻻعارات رقم الطلب الباركود تاريخ اخر مشاهدة تاريخ تفعيل السعر نوع وعاء كوها
    ddc     مكتبة القاهرة الكبرى مكتبة القاهرة الكبرى ق الرئيسية_العلوم الاجتماعية_ك عربى 03/10/2022   320.973/ ع أ 167590 03/10/2022 03/10/2022 كتاب

Powered By

EGPV